01573nam a2200397 c 450000100060000000300100000600500170001600700030003300800410003602000180007704000350009504100130013008200220014310000230016524500980018825000180028626400570030430000500036133600270041133700330043833800280047150000420049952100530054153400310059454500600062565000530068565000530073865000620079165000630085370000390091670000280095570000300098394200120101399900170102595201330104259932CO-BoRNBP20251112152637.0ta210817s2015 sp a jr 000 0dspa d a9788425228568 aCO-BoRNBPbspaerdacCO-BoRNBP1 aspaheng04a746.092bA77b222 aAtsumieaut96722210aBordar en papel /cAtsumi, Minako Chiba y Mari Kamio ; traducción de Elena Fresco Barreira. a1a. edición 1aBarcelona, España :bEditorial Gustavo Gili,c2015 a119 páginas :bilustraciones, fotografías atextobtxt2rdacontent asin mediaciónbn2rdamedia avolumenbnc2rdacarrier aIncluye plantillas al final del texto aRecomendado para un público mayor de 15 años tJapanese paper embroidery aIncluye datos biográficos de los autores en la solapa07aBordadovManuales, vademécum, etc2lemb96722307aCosturavManuales, vademécum, etc2lemb96695107aLabores de agujavManuales, vademécum, etc2lemb96695707aTrabajos en papelvManuales, vademécum, etc2lemb967224 aFresco Barreira, Elenaetrl967225 aKamio, Marieaut9672261 aChiba, Minakoeaut967227 2ddccBK c59932d59932 00102ddc40708GENaMEMAPJGAbMEMAPJGAcGENd2025-11-12l0o746.092 A77bpMPJG00987r2025-11-12 15:27:22tEj.1w2025-11-12yBK